| 000 | 00487nam a22001697a 4500 | ||
|---|---|---|---|
| 003 | CEME | ||
| 005 | 20210628205830.0 | ||
| 008 | 210317b xxu||||| |||| 00| 0 eng d | ||
| 040 | _c. | ||
| 082 | _a001.94 GRE | ||
| 100 |
_a Reders Digest _977180 |
||
| 245 | _aThe 20th eventful century great mysteries of the 20th century | ||
| 260 |
_aLONDON _bREADER DIGEST _c1996 |
||
| 300 | _a160P | ||
| 650 |
_aMYSTERIES OF THE 20TH CENTURY _977181 |
||
| 942 |
_cBK _2ddc |
||
| 999 |
_c582496 _d582496 |
||